Представление документа в формате RUSMARC

ПолеНазваниеЗначение
  Тип записи a
  Библиографический уровень m
001 Контрольный номер UONB/MAIN/05c11ec9de2049ebb2d1f8371dcee54d
005 Дата корректировки 20250520125615.1
010 Индекс ISBN __
9 Тираж 1000 экз.
100 Данные общей обработки __
a Данные общей обработки 20221214d1952 u y0rusy0189## ca
101 Язык документа 0_
a Язык текста rus
102 Страна публикации __
a Страна публикации RU
105 Кодированные данные (монография) __
a Кодированные данные (монография) a z 000yy
200 Заглавие и сведения об ответственности 1_
a Заглавие Статистический контроль в литейном производстве
e Сведения, относящиеся к заглавию из заводского опыта
f Первые сведения об ответственности Н.В. Соколов
g Последующие сведения об ответственности М-во автомоб. и тракт. пром-сти СССР, Техн. упр.
210 Выходные данные 1_
a Место издания Москва
c Издательство Ред.-изд. бюро
d Дата издания 1952
215 Физическое описание __
a Объем 24 с.
c Иллюстрации/тип воспроизводства ил., граф.
d Формат 21 см
606 Тематические рубрики 0_
a Основная рубрика Литейное производство
x Основная подрубрика Технический контроль
x Основная подрубрика Статистический метод
610 Ключевые слова 0_
a Ключевые слова литейное производство; статистический контроль; технический контроль
675 Индекс УДК __
a Индекс УДК 6П4.14
686 Индексы других классификаций __
a Классификационный индекс 34.61
2 Код системы rubbk
700 Автор _1
a Фамилия Соколов
b Имя (инициалы) Н.В.
g Полное личное имя Николай Владимирович
4 Код отношения 070
801 Источник записи _0
a Страна RU
b Организация Ульяновская ОНБ
c Дата составления 20221214
g Правила каталогизации RCR
801 Источник записи _1
a Страна RU
b Организация Ульяновская ОНБ
c Дата составления 20221214
g Правила каталогизации RCR
901 Тип документа __
t Тип документа m
909 Создатель записи __
a Создатель записи Богданова
b Дата создания записи 20221214